El regreso del maestro: transformación espiritual y ciencia curativa hindú
Պահպանված է:
| Հիմնական հեղինակ: | |
|---|---|
| Ձևաչափ: | Գիրք |
| Լեզու: | իսպաներեն |
| Հրապարակվել է: |
Ciudad de México
Grijalbo
1995
|
| Խորագրեր: | |
| Ցուցիչներ: |
Ավելացրեք ցուցիչ
Չկան պիտակներ, Եղեք առաջինը, ով նշում է այս գրառումը!
|
MARC
| LEADER | 00000nam a2200000 a 4500 | ||
|---|---|---|---|
| 001 | UCL7186 | ||
| 003 | CL-VaPUC | ||
| 008 | 040507e19950000MX |||||||||||||||||spa|d | ||
| 020 | |a 9700506282 | ||
| 082 | 0 | 4 | |a 181.4 |b CHO |2 21 |
| 100 | 0 | |a Chopra, Deepak |e author |9 485000 | |
| 245 | 1 | 3 | |a El regreso del maestro: transformación espiritual y ciencia curativa hindú |
| 300 | |a 223 p | ||
| 942 | |c BK | ||
| 945 | |d 20040507 00:00:00 |a cmena | ||
| 260 | |a Ciudad de México |b Grijalbo |c 1995 | ||
| 650 | 0 | |a Filosofía hindú |9 431231 | |
| 650 | 0 | |a Espiritualidad |9 267331 | |
| 583 | |a last modification |c 20040507 00:00:00 |k Rodrigo Vera | ||
| 999 | |c 309038 |d 309036 | ||
| 952 | |0 0 |1 0 |4 0 |6 181_400000000000000_CHO_1995 |7 0 |8 A |9 376114 |a BIBING |b BIBING |d 2019-11-21 |i 4011422 |o 181.4 CHO 1995 |p 4011422 |r 2025-01-20 |w 2019-11-21 |y BK |k ING | ||